TEXT BOOK OF MICROBIOLOGY (Record no. 16792)

MARC details
000 -LEADER
fixed length control field 00293nam a22001337a 4500
003 - CONTROL NUMBER IDENTIFIER
control field SGT
082 ## - DEWEY DECIMAL CLASSIFICATION NUMBER
Classification number 616.01
Item number M17P
100 ## - MAIN ENTRY--PERSONAL NAME
Personal name PHILOMINA,BEENA
245 ## - TITLE STATEMENT
Title TEXT BOOK OF MICROBIOLOGY
260 ## - PUBLICATION, DISTRIBUTION, ETC. (IMPRINT)
Place of publication, distribution, etc CHENNAI
Name of publisher, distributor, etc UNIVERSITY PRESS
Year of Publication 2017
300 ## - PAGE DESCRIPTION
No. of Pages 72
650 ## - SUBJECT ADDED ENTRY--TOPICAL TERM
Topical term or geographic name as entry element AYURVEDA
942 ## - ADDED ENTRY ELEMENTS (KOHA)
Source of classification or shelving scheme Dewey Decimal Classification
Koha item type Books
942 ## - ADDED ENTRY ELEMENTS (KOHA)
-- 2
Holdings
Withdrawn status Lost status Source of classification or shelving scheme Damaged status Not for loan Collection code Home library Current library Shelving location Date acquired SGTU Total Checkouts Full call number Accession No. (Barcode) Date last seen Bill Date Koha item type Date last borrowed
    Dewey Decimal Classification     AYURVEDA SGT FA-FP Library SGT FA-FP Library Text Book 07/02/2019 SGTU   616.01 M17P FA9716 07/02/2019 07/02/2019 Books  
    Dewey Decimal Classification     AYURVEDA SGT FA-FP Library SGT FA-FP Library Text Book 07/02/2019 SGTU   616.01 M17P FA9717 07/02/2019 07/02/2019 Books  
    Dewey Decimal Classification     AYURVEDA SGT FA-FP Library SGT FA-FP Library Text Book 07/02/2019 SGTU 2 616.01 M17P FA9718 11/02/2025 07/02/2019 Books 11/02/2025
    Dewey Decimal Classification     AYURVEDA SGT FA-FP Library SGT FA-FP Library Text Book 07/02/2019 SGTU   616.01 M17P FA9719 07/02/2019 07/02/2019 Books